000 00607cam a2200217 4500500
005 20260329003448.0
041 _afre
042 _adc
100 1 0 _aDuru, Martin
_eauthor
245 0 0 _aAyn Rand, une œuvre
260 _c2015.
500 _a87
690 _aAyn Rand
690 _aÉgoïsme
690 _aÉtats-Unis
690 _aJohn Galt
690 _aLa Grève
690 _aObjectivisme
786 0 _nPhilosophie magazine | 94 | 11 | 2015-11-01 | p. 43-44 | 1951-1787
856 4 1 _uhttps://shs.cairn.info/magazine-philosophie-magazine-2015-11-page-43?lang=fr&redirect-ssocas=7080
999 _c1824810
_d1824810